What Every New Manager Needs to Know : (Record no. 2507)

MARC details
000 -LEADER
fixed length control field 00866nac a22002051u 4500
008 - FIXED-LENGTH DATA ELEMENTS--GENERAL INFORMATION
fixed length control field 100919t xxu||||| |||| 00| 0 eng d
010 ## - LIBRARY OF CONGRESS CONTROL NUMBER
LC control number 2003010437
020 ## - INTERNATIONAL STANDARD BOOK NUMBER
International Standard Book Number 081447179X
082 00 - DEWEY DECIMAL CLASSIFICATION NUMBER
Classification number 658.4
Item number GAY
100 ## - MAIN ENTRY--PERSONAL NAME
Personal name Gaynor, Gerard H.
9 (RLIN) 19413
245 10 - TITLE STATEMENT
Title What Every New Manager Needs to Know :
Remainder of title Making a Successful Transition to Management /
Statement of responsibility, etc Gerard H. Gaynor.
260 ## - PUBLICATION, DISTRIBUTION, ETC. (IMPRINT)
Place of publication, distribution, etc New York :
Name of publisher, distributor, etc AMACOM,
Date of publication, distribution, etc 2004.
300 ## - PHYSICAL DESCRIPTION
Extent xvi, 237 p. :
Other physical details ill. ;
Dimensions 23 cm.
504 ## - BIBLIOGRAPHY, ETC. NOTE
Bibliography, etc Includes bibliographical references and index.
650 #0 - SUBJECT ADDED ENTRY--TOPICAL TERM
Topical term or geographic name as entry element Management.
9 (RLIN) 19414
650 #0 - SUBJECT ADDED ENTRY--TOPICAL TERM
Topical term or geographic name as entry element Leadership.
9 (RLIN) 19415
856 41 - ELECTRONIC LOCATION AND ACCESS
Materials specified Table of contents
Uniform Resource Identifier <a href="http://www.loc.gov/catdir/toc/ecip043/2003010437.html">http://www.loc.gov/catdir/toc/ecip043/2003010437.html</a>
942 ## - ADDED ENTRY ELEMENTS (KOHA)
Item type Book - Borrowing
Call number prefix 658.4 GAY
Source of classification or shelving scheme Dewey Decimal Classification
Holdings
Withdrawn status Item status Damaged status Not for loan Home library Current library Shelving location Date acquired Source of acquisition Total Checkouts Total Renewals Full call number Barcode Date last seen Date last borrowed Koha item type
        Central Library Central Library First floor 22/02/2007 Purchase 4 5 658.4 GAY 000001747 15/07/2025 01/10/2016 Book - Borrowing